[Event "EYCC 2024 - O16"]
[Site "?"]
[Date "2024.08.23"]
[Round "2.8"]
[White "Perea Fruet, Lorenzo"]
[Black "Trevisiol, Antoine"]
[Result "1-0"]
[BlackElo "2177"]
[WhiteElo "2373"]
[LiveChessVersion "1.4.8"]

1. e4 {[%clk 1:30:58]} e5 {[%clk 1:30:47]} 2. Nf3 {[%clk 1:31:25]} Nc6
{[%clk 1:31:07]} 3. Bb5 {[%clk 1:31:53]} a6 {[%clk 1:31:24]} 4. Ba4
{[%clk 1:32:21]} Nf6 {[%clk 1:31:37]} 5. O-O {[%clk 1:31:58]} b5 {[%clk 1:31:49]}
6. Bb3 {[%clk 1:32:26]} Bc5 {[%clk 1:32:01]} 7. a4 {[%clk 1:32:54]} Bb7
{[%clk 1:31:53]} 8. d3 {[%clk 1:33:06]} d6 {[%clk 1:29:53]} 9. Bg5
{[%clk 1:29:42]} h6 {[%clk 1:23:51]} 10. Bh4 {[%clk 1:28:11]} g5 {[%clk 1:18:59]}
11. Bg3 {[%clk 1:28:30]} Rg8 {[%clk 1:14:02]} 12. c3 {[%clk 1:19:32]} Bb6
{[%clk 1:11:51]} 13. Kh1 {[%clk 1:09:42]} Na5 {[%clk 1:01:42]} 14. Ba2
{[%clk 1:02:24]} c5 {[%clk 0:59:40]} 15. Na3 {[%clk 0:58:17]} Bc6
{[%clk 0:52:03]} 16. b4 {[%clk 0:54:30]} Nb7 {[%clk 0:52:00]} 17. bxc5
{[%clk 0:39:24]} Nxc5 {[%clk 0:37:02]} 18. Bxe5 {[%clk 0:37:07]} dxe5
{[%clk 0:33:19]} 19. Nxe5 {[%clk 0:35:53]} Qd6 {[%clk 0:22:37]} 20. Bxf7+
{[%clk 0:30:17]} Kf8 {[%clk 0:22:53]} 21. Nxc6 {[%clk 0:25:51]} Kxf7
{[%clk 0:20:03]} 22. axb5 {[%clk 0:24:25]} Nxd3 {[%clk 0:16:49]} 23. Qxd3
{[%clk 0:23:26]} Qxd3 {[%clk 0:17:10]} 24. Ne5+ {[%clk 0:23:54]} Kg7
{[%clk 0:16:13]} 25. Nxd3 {[%clk 0:24:23]} axb5 {[%clk 0:15:07]} 26. f3
{[%clk 0:23:56]} Ra5 {[%clk 0:13:03]} 27. Rfb1 {[%clk 0:16:56]} Rga8
{[%clk 0:10:12]} 28. Nc2 {[%clk 0:16:51]} Rc8 {[%clk 0:04:44]} 29. Rxa5
{[%clk 0:16:28]} Bxa5 {[%clk 0:05:08]} 30. Rxb5 {[%clk 0:16:17]} Rxc3
{[%clk 0:05:26]} 31. Rxa5 {[%clk 0:15:19]} Rxd3 {[%clk 0:05:46]} 32. Ra1
{[%clk 0:15:21]} h5 {[%clk 0:04:01]} 33. Re1 {[%clk 0:14:07]} h4 {[%clk 0:03:24]}
34. Ne3 {[%clk 0:13:22]} Nh5 {[%clk 0:02:27]} 35. Kg1 {[%clk 0:12:04]} Kg6
{[%clk 0:01:17]} 36. Kf2 {[%clk 0:09:06]} Nf4 {[%clk 0:01:21]} 37. g3
{[%clk 0:07:16]} Rd2+ {[%clk 0:01:03]} 38. Kf1 {[%clk 0:07:39]} Nh5
{[%clk 0:01:09]} 39. gxh4 {[%clk 0:06:11]} Rxh2 {[%clk 0:00:48]} 40. hxg5
{[%clk 0:05:45]} Ra2 {[%clk 0:00:42]} 41. Ng2 {[%clk 0:04:10]} Kxg5
{[%clk 0:00:41]} 42. Rb1 {[%clk 0:04:01]} Ra3 {[%clk 0:00:33]} 43. Rb5+
{[%clk 0:03:49]} Kh6 {[%clk 0:00:58]} 44. Kf2 {[%clk 0:03:40]} Ra2+
{[%clk 0:01:24]} 45. Kg1 {[%clk 0:04:06]} Ra1+ {[%clk 0:00:38]} 46. Kh2
{[%clk 0:04:22]} Rf1 {[%clk 0:00:56]} 47. Rf5 {[%clk 0:03:46]} Ng7
{[%clk 0:00:57]} 48. Rf8 {[%clk 0:03:45]} Kg6 {[%clk 0:01:02]} 49. Nf4+
{[%clk 0:03:32]} Kg5 {[%clk 0:01:11]} 50. Kg2 {[%clk 0:03:04]} Ra1
{[%clk 0:01:35]} 51. Nh3+ {[%clk 0:03:25]} Kg6 {[%clk 0:01:41]} 52. Rd8
{[%clk 0:02:19]} Nh5 {[%clk 0:01:07]} 53. Rd6+ {[%clk 0:02:42]} Kg7
{[%clk 0:01:25]} 54. Rd2 {[%clk 0:02:06]} Kg6 {[%clk 0:01:23]} 55. Kf2
{[%clk 0:02:06]} Rh1 {[%clk 0:01:14]} 56. Rd6+ {[%clk 0:02:24]} Kg7
{[%clk 0:01:24]} 57. Ng5 {[%clk 0:02:43]} Ra1 {[%clk 0:01:22]} 58. Ne6+
{[%clk 0:02:36]} Kf7 {[%clk 0:01:33]} 59. Nc5 {[%clk 0:02:26]} Nf4
{[%clk 0:01:37]} 60. Kg3 {[%clk 0:02:10]} Ng6 {[%clk 0:00:57]} 61. Nd3
{[%clk 0:02:09]} Rf1 {[%clk 0:00:43]} 62. f4 {[%clk 0:02:02]} Rg1+
{[%clk 0:00:31]} 63. Kf2 {[%clk 0:02:11]} Ra1 {[%clk 0:00:52]} 64. f5
{[%clk 0:02:31]} Nh4 {[%clk 0:00:32]} 65. Ne5+ {[%clk 0:02:40]} Kg7
{[%clk 0:00:31]} 66. f6+ {[%clk 0:02:18]} Kh6 {[%clk 0:00:38]} 67. f7+
{[%clk 0:02:27]} Kg7 {[%clk 0:01:03]} 68. Rd8 {[%clk 0:02:35]} Ng6
{[%clk 0:01:12]} 69. Rg8+ {[%clk 0:02:51]} Kf6 {[%clk 0:01:06]} 70. Rxg6+
{[%clk 0:03:16]} 1-0

[Event "EYCC 2024 - O16"]
[Site "?"]
[Date "2024.08.23"]
[Round "2.9"]
[White "Navarro Martinez, Victor"]
[Black "Kuhn, Clement"]
[Result "0-1"]
[BlackElo "2344"]
[WhiteElo "2180"]
[LiveChessVersion "1.4.8"]

1. d4 {[%clk 1:30:37]} Nf6 {[%clk 1:30:51]} 2. c4 {[%clk 1:30:51]} g6
{[%clk 1:30:30]} 3. Nc3 {[%clk 1:30:16]} Bg7 {[%clk 1:30:54]} 4. e4
{[%clk 1:30:12]} d6 {[%clk 1:31:19]} 5. Nf3 {[%clk 1:29:51]} O-O {[%clk 1:31:42]}
6. Be2 {[%clk 1:30:01]} e5 {[%clk 1:32:05]} 7. d5 {[%clk 1:28:58]} Nbd7
{[%clk 1:30:29]} 8. Qc2 {[%clk 1:23:44]} a5 {[%clk 1:29:16]} 9. h3
{[%clk 1:23:43]} Nh5 {[%clk 1:22:19]} 10. g3 {[%clk 1:06:21]} Nc5
{[%clk 1:15:09]} 11. Be3 {[%clk 1:05:04]} f5 {[%clk 1:08:13]} 12. O-O-O
{[%clk 1:01:19]} b6 {[%clk 0:58:25]} 13. Nd2 {[%clk 0:48:00]} Nf6
{[%clk 0:58:45]} 14. Rdg1 {[%clk 0:42:23]} Na6 {[%clk 0:44:09]} 15. a3
{[%clk 0:27:21]} Bd7 {[%clk 0:44:03]} 16. h4 {[%clk 0:24:34]} c6 {[%clk 0:38:01]}
17. h5 {[%clk 0:17:37]} cxd5 {[%clk 0:38:00]} 18. exd5 {[%clk 0:16:13]} Rc8
{[%clk 0:37:48]} 19. hxg6 {[%clk 0:15:28]} hxg6 {[%clk 0:38:13]} 20. Bh6
{[%clk 0:13:28]} Bxh6 {[%clk 0:33:15]} 21. Rxh6 {[%clk 0:13:56]} Kg7
{[%clk 0:33:39]} 22. Rhh1 {[%clk 0:09:12]} Nc5 {[%clk 0:32:55]} 23. Kb1
{[%clk 0:07:35]} Qe7 {[%clk 0:26:41]} 24. f4 {[%clk 0:06:23]} Rh8
{[%clk 0:25:09]} 25. Nf3 {[%clk 0:06:23]} b5 {[%clk 0:22:15]} 26. Rxh8
{[%clk 0:05:15]} Rxh8 {[%clk 0:19:27]} 27. cxb5 {[%clk 0:05:21]} Rc8
{[%clk 0:14:42]} 28. Qd2 {[%clk 0:01:39]} Nb3 {[%clk 0:07:34]} 29. Qe3
{[%clk 0:01:31]} Ng4 {[%clk 0:04:48]} 30. Qa7 {[%clk 0:02:00]} exf4
{[%clk 0:04:14]} 31. Bd1 {[%clk 0:00:59]} Rxc3 {[%clk 0:03:15]} 32. bxc3
{[%clk 0:01:17]} Nc5 {[%clk 0:03:42]} 33. Re1 {[%clk 0:00:52]} Ne3
{[%clk 0:04:08]} 34. gxf4 {[%clk 0:01:03]} Qe4+ {[%clk 0:04:32]} 35. Ka1
{[%clk 0:00:55]} Nc2+ {[%clk 0:03:39]} 36. Bxc2 Qxc2 {[%clk 0:04:06]} 37. Rb1
{[%clk 0:00:34]} Qxc3+ {[%clk 0:04:31]} 38. Ka2 {[%clk 0:00:37]} Qxf3
{[%clk 0:04:51]} 39. b6 {[%clk 0:00:52]} Qxd5+ {[%clk 0:05:16]} 40. Ka1
{[%clk 0:01:11]} Qd4+ {[%clk 0:05:31]} 41. Rb2 {[%clk 0:00:52]} a4
{[%clk 0:03:55]} 42. Qa8 {[%clk 0:00:37]} Nb3+ {[%clk 0:03:44]} 43. Ka2
{[%clk 0:01:00]} Be6 {[%clk 0:03:11]} 44. b7 {[%clk 0:00:55]} Nd2+
{[%clk 0:03:33]} 0-1

[Event "EYCC 2024 - O16"]
[Site "?"]
[Date "2024.08.23"]
[Round "2.10"]
[White "Cnejev, Vladimir-Alexandru"]
[Black "Hajialiyev, Islam"]
[Result "0-1"]
[BlackElo "2173"]
[WhiteElo "2343"]
[LiveChessVersion "1.4.8"]

1. e4 {[%clk 1:24:51]} e6 {[%clk 1:30:52]} 2. d4 {[%clk 1:25:13]} d5
{[%clk 1:31:16]} 3. e5 {[%clk 1:25:37]} c5 {[%clk 1:31:41]} 4. c3
{[%clk 1:26:05]} Qb6 {[%clk 1:32:07]} 5. Nf3 {[%clk 1:26:02]} Nc6
{[%clk 1:32:33]} 6. Bd3 {[%clk 1:26:03]} cxd4 {[%clk 1:32:54]} 7. O-O
{[%clk 1:26:23]} Bd7 {[%clk 1:33:15]} 8. Re1 {[%clk 1:26:29]} Rc8
{[%clk 1:32:31]} 9. Nbd2 {[%clk 1:05:16]} dxc3 {[%clk 1:32:06]} 10. bxc3
{[%clk 1:05:32]} Na5 {[%clk 1:32:00]} 11. Rb1 {[%clk 1:04:40]} Qc7
{[%clk 1:32:10]} 12. Qe2 {[%clk 1:00:34]} Ne7 {[%clk 1:13:58]} 13. Nd4
{[%clk 0:35:40]} a6 {[%clk 1:12:13]} 14. N2f3 {[%clk 0:24:02]} Nc4
{[%clk 1:06:57]} 15. h4 {[%clk 0:22:31]} b5 {[%clk 1:02:59]} 16. h5
{[%clk 0:19:59]} h6 {[%clk 1:03:24]} 17. Bf4 {[%clk 0:18:54]} Qa5
{[%clk 1:02:07]} 18. Rbc1 {[%clk 0:11:44]} Nc6 {[%clk 0:59:24]} 19. Nxc6
{[%clk 0:03:48]} Bxc6 {[%clk 0:59:53]} 20. Nd4 {[%clk 0:03:58]} Bd7
{[%clk 1:00:14]} 21. Kh1 {[%clk 0:03:14]} Ba3 {[%clk 0:58:43]} 22. Rc2
{[%clk 0:02:33]} Be7 {[%clk 0:56:36]} 23. Qg4 {[%clk 0:02:35]} Bf8
{[%clk 0:53:01]} 24. Kh2 {[%clk 0:01:39]} Kd8 {[%clk 0:50:51]} 25. Qf3
{[%clk 0:01:02]} Be8 {[%clk 0:50:20]} 26. Bf1 {[%clk 0:00:43]} Bc5
{[%clk 0:49:23]} 27. Nb3 {[%clk 0:00:32]} Qa4 {[%clk 0:48:49]} 28. Qg3
{[%clk 0:00:33]} Bf8 {[%clk 0:48:39]} 29. Bd3 {[%clk 0:00:32]} Rc7
{[%clk 0:48:28]} 30. Nd4 {[%clk 0:00:32]} Kc8 {[%clk 0:48:09]} 31. Rce2
{[%clk 0:00:31]} Qa5 {[%clk 0:48:20]} 32. Rc1 {[%clk 0:00:34]} Qb6
{[%clk 0:48:14]} 33. Rb1 {[%clk 0:00:33]} Qa5 {[%clk 0:47:38]} 34. Rc1
{[%clk 0:00:31]} Bd7 {[%clk 0:47:55]} 35. Kh1 {[%clk 0:00:40]} Kb7
{[%clk 0:44:50]} 36. Kh2 {[%clk 0:01:02]} Ka8 {[%clk 0:44:43]} 37. Kh1
{[%clk 0:01:24]} Nb6 {[%clk 0:44:07]} 38. Rec2 {[%clk 0:00:32]} Nc4
{[%clk 0:43:01]} 39. Re2 {[%clk 0:00:46]} Qa3 {[%clk 0:42:13]} 40. Kh2
{[%clk 0:00:52]} Nb6 {[%clk 0:41:34]} 41. Nb3 {[%clk 0:00:45]} Na4
{[%clk 0:40:56]} 42. Bb1 {[%clk 0:00:31]} Qe7 {[%clk 0:41:00]} 43. Kg1
{[%clk 0:00:34]} Qd8 {[%clk 0:41:21]} 44. Bd2 {[%clk 0:00:33]} Qc8
{[%clk 0:41:27]} 45. Re3 {[%clk 0:00:32]} Be8 {[%clk 0:41:23]} 46. Rf3 Nb6
{[%clk 0:39:44]} 47. Bd3 {[%clk 0:00:36]} Nc4 {[%clk 0:40:06]} 48. Bf4
{[%clk 0:00:33]} Qb8 {[%clk 0:39:43]} 49. Re1 {[%clk 0:00:31]} Bc6
{[%clk 0:39:30]} 50. Nd4 {[%clk 0:00:46]} Bb7 {[%clk 0:37:57]} 51. Rb1
{[%clk 0:00:49]} Qc8 {[%clk 0:38:18]} 52. Re1 {[%clk 0:00:52]} Nb6
{[%clk 0:38:24]} 53. Bb1 {[%clk 0:00:47]} Nd7 {[%clk 0:38:37]} 54. Bd2
{[%clk 0:00:34]} Nc5 {[%clk 0:38:51]} 55. Qf4 {[%clk 0:00:31]} Ne4
{[%clk 0:38:25]} 56. Bxe4 {[%clk 0:00:37]} dxe4 {[%clk 0:38:53]} 57. Rg3
{[%clk 0:00:46]} Bd5 {[%clk 0:39:01]} 58. Ra1 {[%clk 0:01:02]} Be7
{[%clk 0:37:48]} 59. Qe3 {[%clk 0:00:43]} f5 {[%clk 0:27:18]} 60. Rxg7
{[%clk 0:00:33]} Bg5 {[%clk 0:27:16]} 61. Rxc7 {[%clk 0:00:59]} Qxc7
{[%clk 0:27:42]} 62. Qe1 {[%clk 0:00:46]} Rg8 {[%clk 0:28:05]} 63. Bxg5
{[%clk 0:00:42]} Rxg5 {[%clk 0:28:13]} 64. Qe3 {[%clk 0:00:31]} Qg7
{[%clk 0:25:09]} 65. g3 {[%clk 0:00:41]} f4 {[%clk 0:25:09]} 66. Qxf4
{[%clk 0:00:55]} e3 {[%clk 0:25:34]} 67. c4 {[%clk 0:00:31]} exf2+
{[%clk 0:22:56]} 68. Kxf2 {[%clk 0:00:56]} Bxc4 {[%clk 0:22:36]} 69. a4
{[%clk 0:00:41]} Rxe5 {[%clk 0:21:36]} 70. axb5 {[%clk 0:00:41]} Bd5
{[%clk 0:19:48]} 71. Rxa6+ Kb7 0-1

[Event "EYCC 2024 - O16"]
[Site "?"]
[Date "2024.08.23"]
[Round "2.11"]
[White "Menahem, Adi"]
[Black "Von Mettenheim, Johannes"]
[Result "1/2-1/2"]
[BlackElo "2340"]
[WhiteElo "2174"]
[LiveChessVersion "1.4.8"]

1. e4 {[%clk 1:30:53]} e5 {[%clk 1:30:51]} 2. Nf3 Nc6 {[%clk 1:31:18]} 3. Bb5
{[%clk 1:31:40]} a6 {[%clk 1:31:41]} 4. Ba4 {[%clk 1:32:06]} Nf6 {[%clk 1:32:07]}
5. O-O {[%clk 1:32:24]} Nxe4 {[%clk 1:32:31]} 6. d4 {[%clk 1:32:44]} b5
{[%clk 1:32:57]} 7. Bb3 {[%clk 1:33:11]} d5 {[%clk 1:33:21]} 8. dxe5
{[%clk 1:33:37]} Be6 {[%clk 1:33:46]} 9. Qe2 {[%clk 1:33:38]} Nc5
{[%clk 1:34:09]} 10. Rd1 {[%clk 1:33:18]} Nxb3 {[%clk 1:34:32]} 11. axb3
{[%clk 1:33:43]} Be7 {[%clk 1:34:56]} 12. c4 {[%clk 1:34:06]} b4 {[%clk 1:35:23]}
13. Nbd2 {[%clk 1:34:05]} O-O {[%clk 1:32:40]} 14. Nf1 {[%clk 1:34:26]} Qd7
{[%clk 1:24:05]} 15. Bg5 {[%clk 1:33:04]} Rfd8 {[%clk 1:19:09]} 16. Ne3
{[%clk 1:32:08]} d4 {[%clk 1:19:32]} 17. Nd5 {[%clk 1:31:14]} Bxg5
{[%clk 1:18:51]} 18. Nxg5 {[%clk 1:31:35]} Bxd5 {[%clk 1:18:33]} 19. cxd5
{[%clk 1:31:59]} Qxd5 {[%clk 1:18:58]} 20. Qd3 {[%clk 1:31:55]} Nxe5
{[%clk 1:15:55]} 21. Qxh7+ {[%clk 1:30:28]} Kf8 {[%clk 1:16:18]} 22. f4
{[%clk 1:03:15]} Ng6 {[%clk 0:59:56]} 23. f5 {[%clk 0:51:38]} Nf4
{[%clk 0:52:31]} 24. Nf3 {[%clk 0:41:12]} f6 {[%clk 0:51:52]} 25. Qh4
{[%clk 0:31:14]} Qe4 {[%clk 0:44:25]} 26. Re1 {[%clk 0:18:27]} Ne2+
{[%clk 0:29:16]} 27. Rxe2 {[%clk 0:16:43]} Qxe2 {[%clk 0:29:41]} 28. Re1
{[%clk 0:17:07]} Qc2 {[%clk 0:25:02]} 29. Qh8+ {[%clk 0:11:55]} Kf7
{[%clk 0:25:26]} 30. Qh5+ {[%clk 0:12:11]} Kg8 {[%clk 0:25:43]} 31. Re7
{[%clk 0:07:08]} Rf8 {[%clk 0:23:25]} 32. Rxg7+ {[%clk 0:04:09]} Kxg7
{[%clk 0:23:53]} 33. Qg6+ {[%clk 0:04:32]} Kh8 {[%clk 0:24:19]} 34. Qh6+
{[%clk 0:04:59]} Kg8 {[%clk 0:24:44]} 35. Qg6+ {[%clk 0:05:28]} Kh8
{[%clk 0:25:07]} 1/2-1/2

[Event "EYCC 2024 - O16"]
[Site "?"]
[Date "2024.08.23"]
[Round "2.12"]
[White "Kozlovic, Jernej"]
[Black "Arnold, Rhys"]
[Result "1/2-1/2"]
[BlackElo "2171"]
[WhiteElo "2334"]
[LiveChessVersion "1.4.8"]

1. e4 {[%clk 1:30:57]} e5 {[%clk 1:30:07]} 2. Nf3 {[%clk 1:31:14]} Nc6
{[%clk 1:30:32]} 3. Bb5 {[%clk 1:31:28]} a6 {[%clk 1:30:45]} 4. Ba4
{[%clk 1:31:47]} Nf6 {[%clk 1:30:52]} 5. O-O {[%clk 1:32:05]} Be7
{[%clk 1:30:56]} 6. Re1 {[%clk 1:32:16]} b5 {[%clk 1:31:15]} 7. Bb3
{[%clk 1:32:37]} d6 {[%clk 1:31:35]} 8. a4 {[%clk 1:32:27]} Bd7 {[%clk 1:31:00]}
9. Nc3 {[%clk 1:27:27]} Na5 {[%clk 1:28:32]} 10. Ba2 {[%clk 1:27:45]} b4
{[%clk 1:28:19]} 11. Nd5 {[%clk 1:27:12]} Nxd5 {[%clk 1:26:24]} 12. exd5
{[%clk 1:25:39]} O-O {[%clk 1:14:18]} 13. d4 {[%clk 1:25:31]} exd4
{[%clk 1:14:07]} 14. Nxd4 {[%clk 1:25:14]} Bf6 {[%clk 1:08:27]} 15. Ne6
{[%clk 1:23:02]} fxe6 {[%clk 1:02:09]} 16. dxe6 {[%clk 1:23:16]} Kh8
{[%clk 0:52:04]} 17. exd7 {[%clk 1:23:22]} Qxd7 {[%clk 0:51:49]} 18. Be6
{[%clk 1:22:35]} Qd8 {[%clk 0:50:39]} 19. Qh5 {[%clk 1:13:15]} Bd4
{[%clk 0:46:27]} 20. Be3 {[%clk 1:12:18]} Bxe3 {[%clk 0:45:29]} 21. Rxe3
{[%clk 1:12:28]} Qf6 {[%clk 0:45:43]} 22. Rf1 {[%clk 1:10:54]} c5
{[%clk 0:39:51]} 23. Bd5 {[%clk 1:05:44]} Rad8 {[%clk 0:39:54]} 24. b3
{[%clk 0:47:49]} Rc8 {[%clk 0:34:49]} 25. Re6 {[%clk 0:45:08]} Qd4
{[%clk 0:28:55]} 26. Be4 {[%clk 0:43:20]} g6 {[%clk 0:29:08]} 27. Bxg6
{[%clk 0:39:21]} Rc7 {[%clk 0:29:17]} 28. Bd3 {[%clk 0:32:51]} Rg7
{[%clk 0:28:02]} 29. Re8 {[%clk 0:29:07]} Rxe8 {[%clk 0:24:42]} 30. Qxe8+
{[%clk 0:29:35]} Rg8 {[%clk 0:25:06]} 31. Qf7 {[%clk 0:24:00]} Rg7
{[%clk 0:21:24]} 32. Qf5 {[%clk 0:23:13]} Qg4 {[%clk 0:21:18]} 33. Qxg4
{[%clk 0:16:28]} Rxg4 {[%clk 0:21:45]} 34. Bxa6 {[%clk 0:13:17]} d5
{[%clk 0:20:11]} 35. Rd1 {[%clk 0:09:39]} Rg6 {[%clk 0:18:52]} 36. Be2
{[%clk 0:07:59]} c4 {[%clk 0:19:19]} 37. bxc4 {[%clk 0:07:48]} dxc4
{[%clk 0:19:46]} 38. Rd5 {[%clk 0:07:35]} Re6 {[%clk 0:20:10]} 39. Kf1
{[%clk 0:07:38]} Ra6 {[%clk 0:18:08]} 40. Rc5 {[%clk 0:05:25]} Kg7
{[%clk 0:17:46]} 41. Bxc4 {[%clk 0:05:03]} Nxc4 {[%clk 0:18:08]} 42. Rxc4
{[%clk 0:05:31]} Rxa4 {[%clk 0:18:34]} 43. Ke2 {[%clk 0:03:57]} Kf6
{[%clk 0:18:44]} 44. Kd3 {[%clk 0:04:02]} Ra3+ {[%clk 0:18:34]} 45. Ke4
{[%clk 0:04:22]} b3 {[%clk 0:18:38]} 46. cxb3 {[%clk 0:04:44]} Rxb3
{[%clk 0:19:04]} 47. Kf4 {[%clk 0:04:48]} Rb6 {[%clk 0:19:04]} 48. Kg4
{[%clk 0:04:56]} Kg6 {[%clk 0:19:19]} 49. Rc5 {[%clk 0:04:48]} Rb4+
{[%clk 0:19:44]} 50. f4 {[%clk 0:05:13]} Rb2 {[%clk 0:19:56]} 51. Rc6+
{[%clk 0:05:37]} Kf7 {[%clk 0:20:21]} 52. Kh3 {[%clk 0:05:58]} Rf2
{[%clk 0:20:28]} 53. Kg3 {[%clk 0:06:17]} Rb2 {[%clk 0:20:52]} 54. h3
{[%clk 0:06:33]} Ra2 {[%clk 0:21:06]} 55. Kf3 {[%clk 0:06:56]} Rb2
{[%clk 0:21:21]} 56. g3 {[%clk 0:07:18]} Ra2 {[%clk 0:21:36]} 57. Kg4
{[%clk 0:07:44]} Ra3 {[%clk 0:22:01]} 58. h4 {[%clk 0:07:58]} h5+
{[%clk 0:21:51]} 59. Kh3 {[%clk 0:00:47]} Ra5 {[%clk 0:22:13]} 60. Rc2
{[%clk 0:00:32]} Kf6 {[%clk 0:22:07]} 61. Re2 {[%clk 0:00:44]} Kf5
{[%clk 0:22:08]} 62. Re8 {[%clk 0:00:56]} Kg6 {[%clk 0:21:14]} 63. Re6+
{[%clk 0:01:20]} Kf5 {[%clk 0:21:26]} 64. Rh6 {[%clk 0:01:06]} Ke4
{[%clk 0:21:52]} 65. Re6+ {[%clk 0:01:14]} Kf5 {[%clk 0:18:01]} 66. Re2
{[%clk 0:00:56]} Kf6 {[%clk 0:17:18]} 67. Kg2 {[%clk 0:01:20]} Kf5
{[%clk 0:17:34]} 68. Kf3 {[%clk 0:01:18]} Ra3+ {[%clk 0:17:41]} 69. Re3
{[%clk 0:01:45]} Ra5 {[%clk 0:18:07]} 70. Rb3 {[%clk 0:01:56]} Rc5
{[%clk 0:18:09]} 71. Rb6 {[%clk 0:00:59]} Rc3+ {[%clk 0:16:15]} 72. Kg2
{[%clk 0:01:28]} Rc5 {[%clk 0:16:39]} 73. Rh6 {[%clk 0:01:22]} Ke4
{[%clk 0:16:37]} 74. Re6+ {[%clk 0:01:39]} Kf5 {[%clk 0:16:39]} 75. Ra6
{[%clk 0:01:46]} Rc2+ {[%clk 0:16:05]} 76. Kh3 {[%clk 0:02:11]} Rc5
{[%clk 0:16:31]} 77. Ra7 {[%clk 0:01:08]} Ke4 {[%clk 0:16:11]} 78. Ra8
{[%clk 0:00:42]} Rb5 {[%clk 0:15:55]} 79. Re8+ {[%clk 0:00:42]} Kf3
{[%clk 0:14:48]} 80. Re1 {[%clk 0:00:53]} Ra5 {[%clk 0:13:55]} 81. Rf1+
{[%clk 0:00:37]} Ke4 {[%clk 0:13:55]} 82. g4 {[%clk 0:00:35]} Ra3+
{[%clk 0:13:38]} 83. Kg2 {[%clk 0:01:03]} hxg4 {[%clk 0:13:53]} 84. f5
{[%clk 0:01:14]} Ke5 {[%clk 0:11:51]} 85. f6 {[%clk 0:01:33]} Ra8
{[%clk 0:10:33]} 86. Kg3 {[%clk 0:00:31]} Ke6 {[%clk 0:09:04]} 87. Kxg4
{[%clk 0:00:41]} Rg8+ {[%clk 0:08:40]} 88. Kh5 {[%clk 0:01:00]} Kf7
{[%clk 0:09:06]} 89. Rf4 {[%clk 0:00:36]} Rg6 {[%clk 0:09:12]} 90. Ra4
{[%clk 0:00:45]} Rxf6 {[%clk 0:09:17]} 91. Ra7+ {[%clk 0:01:06]} Kg8
{[%clk 0:09:38]} 92. Ra8+ {[%clk 0:01:33]} Kg7 {[%clk 0:09:50]} 93. Ra7+
{[%clk 0:01:52]} Kg8 {[%clk 0:10:15]} 94. Kg5 {[%clk 0:02:19]} Rb6
{[%clk 0:10:41]} 95. Re7 {[%clk 0:02:39]} Rb5+ {[%clk 0:10:46]} 96. Kf6
{[%clk 0:03:03]} Rb6+ {[%clk 0:11:09]} 97. Re6 {[%clk 0:03:29]} Rxe6+
{[%clk 0:11:33]} 98. Kxe6 {[%clk 0:03:58]} Kg7 {[%clk 0:11:54]} 99. Kf5
{[%clk 0:04:26]} Kg8 {[%clk 0:12:18]} 100. Kf6 {[%clk 0:04:51]} Kh7
{[%clk 0:12:36]} 101. Kg5 {[%clk 0:05:18]} Kg7 {[%clk 0:13:02]} 102. h5
{[%clk 0:05:13]} Kg8 {[%clk 0:13:24]} 103. Kg6 {[%clk 0:05:42]} Kh8
{[%clk 0:13:48]} 104. h6 {[%clk 0:06:08]} Kg8 {[%clk 0:14:15]} 105. h7+
{[%clk 0:06:35]} Kh8 {[%clk 0:14:42]} 106. Kh6 {[%clk 0:07:01]} 1/2-1/2

[Event "EYCC 2024 - O16"]
[Site "?"]
[Date "2024.08.23"]
[Round "2.13"]
[White "Georgiadis, Anastasios"]
[Black "Erten, Kerem"]
[Result "0-1"]
[BlackElo "2331"]
[WhiteElo "2171"]
[LiveChessVersion "1.4.8"]

1. d4 {[%clk 1:30:57]} Nf6 {[%clk 1:30:42]} 2. c4 {[%clk 1:31:20]} e6
{[%clk 1:30:58]} 3. Nf3 {[%clk 1:31:41]} d5 {[%clk 1:30:02]} 4. Nc3
{[%clk 1:32:04]} Bb4 {[%clk 1:30:03]} 5. cxd5 {[%clk 1:32:11]} exd5
{[%clk 1:29:55]} 6. Bg5 {[%clk 1:32:17]} Nbd7 {[%clk 1:26:30]} 7. e3
{[%clk 1:32:16]} c5 {[%clk 1:25:43]} 8. Be2 {[%clk 1:15:45]} Qa5 {[%clk 1:22:58]}
9. O-O {[%clk 0:58:43]} Bxc3 {[%clk 1:23:01]} 10. bxc3 {[%clk 0:59:12]} c4
{[%clk 1:21:28]} 11. Bxf6 {[%clk 0:57:42]} Nxf6 {[%clk 1:21:44]} 12. Qc2
{[%clk 0:57:49]} Bg4 {[%clk 1:14:57]} 13. Rac1 {[%clk 0:55:26]} O-O
{[%clk 1:11:51]} 14. Rfe1 {[%clk 0:52:08]} g6 {[%clk 1:04:48]} 15. Nd2
{[%clk 0:51:05]} Bf5 {[%clk 1:02:50]} 16. Qb2 {[%clk 0:51:22]} b5
{[%clk 1:00:19]} 17. a3 {[%clk 0:43:55]} Rab8 {[%clk 0:56:33]} 18. Bd1
{[%clk 0:42:45]} Rfe8 {[%clk 0:48:37]} 19. f3 {[%clk 0:41:06]} Qb6
{[%clk 0:40:54]} 20. Bc2 {[%clk 0:38:10]} Bxc2 {[%clk 0:40:08]} 21. Qxc2
{[%clk 0:37:15]} Qd6 {[%clk 0:38:49]} 22. Ra1 {[%clk 0:35:57]} Nd7
{[%clk 0:35:13]} 23. e4 {[%clk 0:34:48]} f6 {[%clk 0:34:45]} 24. g3
{[%clk 0:30:50]} a5 {[%clk 0:33:04]} 25. Rab1 {[%clk 0:23:38]} Kg7
{[%clk 0:31:04]} 26. Kf2 {[%clk 0:16:46]} Kf7 {[%clk 0:21:32]} 27. exd5
{[%clk 0:13:41]} Qxd5 {[%clk 0:20:52]} 28. Rxe8 {[%clk 0:13:00]} Rxe8
{[%clk 0:19:01]} 29. Re1 {[%clk 0:13:00]} Rxe1 {[%clk 0:18:05]} 30. Kxe1
{[%clk 0:13:28]} Nb6 {[%clk 0:17:35]} 31. Ke2 {[%clk 0:08:20]} f5
{[%clk 0:14:17]} 32. Nb1 {[%clk 0:07:08]} b4 {[%clk 0:09:03]} 33. axb4
{[%clk 0:07:23]} axb4 {[%clk 0:09:28]} 34. cxb4 {[%clk 0:07:08]} Qxd4
{[%clk 0:09:34]} 35. Qc3 {[%clk 0:02:35]} Qg1 {[%clk 0:09:03]} 36. Nd2
{[%clk 0:02:58]} Qxh2+ {[%clk 0:08:32]} 37. Kd1 {[%clk 0:03:22]} Qxg3
{[%clk 0:07:29]} 38. Nxc4 {[%clk 0:03:32]} Nd5 {[%clk 0:05:30]} 39. Ne5+
{[%clk 0:02:44]} Kf6 {[%clk 0:04:57]} 40. Nd7+ {[%clk 0:02:47]} Ke7
{[%clk 0:04:38]} 41. Qg7+ {[%clk 0:03:08]} Kd6 {[%clk 0:04:50]} 42. Qxh7
{[%clk 0:01:39]} Qxf3+ {[%clk 0:04:58]} 43. Ke1 {[%clk 0:01:51]} Nf4
{[%clk 0:03:09]} 44. Kd2 {[%clk 0:02:17]} Qd3+ {[%clk 0:02:57]} 45. Kc1
{[%clk 0:02:43]} Qc3+ {[%clk 0:02:41]} 46. Kd1 {[%clk 0:03:02]} Qd3+
{[%clk 0:02:32]} 47. Kc1 {[%clk 0:03:31]} Qc4+ {[%clk 0:02:43]} 48. Kd2
{[%clk 0:03:17]} Qxb4+ {[%clk 0:03:02]} 0-1